Obras de V.P.M. Fray Luis de Granada

Gespeichert in:
Bibliographische Detailangaben
Körperschaft: Biblioteca de autores españoles
Format: Buch
Sprache:Undetermined
Veröffentlicht: Madrid, España Rivadeneyra 1856
Schlagworte:
Tags: Tag hinzufügen
Keine Tags, Fügen Sie den ersten Tag hinzu!

MARC

LEADER 00000nam a2200000Ia 4500
008 170316s9999 xx 000 0 und d
110 |a Biblioteca de autores españoles 
245 |a Obras de V.P.M. Fray Luis de Granada 
260 |a Madrid, España 
260 |b Rivadeneyra 
260 |c 1856 
300 |a 739páginas Tomo I. Vol.6. 
650 |a REFERENCIA 
650 |a ENCICLOPEDIA 
999 |c 30192  |d 30192 
040 |a cru BVZT 
942 |c 15 D  |2 z